[Event "EU-Cup 17th"]
[Site "Panormo"]
[Date "2001.09.27"]
[Round "5.6"]
[White "Sivan, Yaacov"]
[Black "Bekker Jensen, David"]
[Result "1-0"]
[WhiteElo "2391"]
[BlackElo "2284"]
[PlyCount "85"]
[EventDate "2001.09.22"]
[EventType "team-swiss"]
[EventRounds "7"]
[EventCountry "GRE"]
[SourceTitle "CBM 084 Extra"]
[Source "ChessBase"]
[SourceDate "2001.10.26"]
[SourceVersion "1"]
[SourceVersionDate "2001.10.26"]
[SourceQuality "1"]
[WhiteTeam "Tel Aviv Shlomo Har Zvi"]
[BlackTeam "Helsinge"]
[WhiteTeamCountry "ISR"]
[BlackTeamCountry "DEN"]

1. e4 c5 2. Nf3 d6 3. d4 Nf6 4. Nc3 cxd4 5. Nxd4 a6 6. Bc4 e6 7. 0-0 b5 8. Bb3 Be7 9. Qf3 Qc7 10. Qg3 Nc6 11. Nxc6 Qxc6 12. f3 Bb7 13. Be3 0-0 14. Ne2 e5 15. Rfd1 Bc8 16. Nc3 Be6 17. Nd5 Bxd5 18. exd5 Qc7 19. a4 b4 20. a5 Rab8 21. Ba4 Qc4 22. Qf2 Bd8 23. Bc6 Rc8 24. b3 Qc3 25. Bb7 Rb8 26. Bc6 Rc8 27. Qd2 e4 28. Qxc3 bxc3 29. Bb7 Rb8 30. Bxa6 Ra8 31. Bb7 Rxa5 32. Rxa5 Bxa5 33. Ra1 Bd8 34. Bc6 exf3 35. gxf3 Nh5 36. b4 f5 37. b5 f4 38. Bd4 g6 39. b6 Ng7 40. Bd7 Rf7 41. b7 Bc7 42. Ra8+ Rf8 43. Be6+ 1-0

[Event "EU-Cup 17th"]
[Site "Panormo"]
[Date "2001.09.24"]
[Round "2.5"]
[White "Joachim, Sven"]
[Black "Sivan, Yaacov"]
[Result "1-0"]
[WhiteElo "2443"]
[BlackElo "2391"]
[PlyCount "97"]
[EventDate "2001.09.22"]
[EventType "team-swiss"]
[EventRounds "7"]
[EventCountry "GRE"]
[SourceTitle "CBM 084 Extra"]
[Source "ChessBase"]
[SourceDate "2001.10.26"]
[SourceVersion "1"]
[SourceVersionDate "2001.10.26"]
[SourceQuality "1"]
[WhiteTeam "Werder Bremen"]
[BlackTeam "Tel Aviv Shlomo Har Zvi"]
[WhiteTeamCountry "GER"]
[BlackTeamCountry "ISR"]

1. e4 c5 2. Nf3 d6 3. d4 cxd4 4. Nxd4 Nf6 5. Nc3 g6 6. Be3 Bg7 7. f3 0-0 8. Qd2 Nc6 9. Bc4 Bd7 10. 0-0-0 Qa5 11. Bb3 Rfc8 12. h4 Ne5 13. Kb1 h5 14. Bg5 Rc5 15. Bxf6 exf6 16. Nde2 Nc4 17. Bxc4 Rxc4 18. Nd5 Qxd2 19. Rxd2 Re8 20. Ne3 Rc6 21. Nd4 Rcc8 22. Nd5 Re5 23. Nc3 f5 24. exf5 Bxf5 25. Nxf5 Rxf5 26. Ne4 Bf8 27. Rxd6 Bxd6 28. Nxd6 Rcc5 29. Nxf5 Rxf5 30. Kc1 Kg7 31. Kd2 Kf6 32. c4 Ra5 33. a3 Kf5 34. Ke3 Re5+ 35. Kf2 Rc5 36. b3 b5 37. cxb5 Rc2+ 38. Kg3 Rb2 39. Rc1 Rxb3 40. Rc5+ Ke6 41. a4 Rd3 42. Rc6+ Rd6 43. Kf4 Kd7 44. Rxd6+ Kxd6 45. Kg5 Kc5 46. Kf6 Kb4 47. Kxf7 Kxa4 48. Kxg6 Kxb5 49. g4 1-0

[Event "Battle of Crete 30'"]
[Site "Panormo"]
[Date "2001.09.21"]
[Round "5"]
[White "Gofshtein, Leonid D"]
[Black "Sivan, Yaacov"]
[Result "0-1"]
[WhiteElo "2518"]
[BlackElo "2391"]
[PlyCount "77"]
[EventDate "2001.09.01"]
[EventType "swiss (rapid)"]
[EventRounds "11"]
[EventCountry "GRE"]
[SourceTitle "CBM 084 Extra"]
[Source "ChessBase"]
[SourceDate "2001.10.26"]
[SourceVersion "1"]
[SourceVersionDate "2001.10.26"]
[SourceQuality "1"]

1. c4 e5 2. Nc3 Bb4 3. Nd5 Be7 4. d4 d6 5. Nf3 c6 6. Nc3 Qc7 7. e4 Nf6 8. Be2 0-0 9. 0-0 h6 10. h3 Re8 11. Re1 Bf8 12. d5 a5 13. Be3 Na6 14. Nd2 Nc5 15. Qc2 g6 16. Rac1 Nh7 17. Qb3 cxd5 18. Qc2 f5 19. exd5 Re7 20. Bh5 Qd7 21. Bxg6 e4 22. f4 Qa4 23. Qxe4 fxe4 24. Nxa4 Rg7 25. Bf2 Nf6 26. Nb6 Rb8 27. Rc3 Nh5 28. Ra3 Be7 29. Rb3 Bd8 30. Rg3 Nxf4 31. Na8 Bc7 32. b4 axb4 33. Bf7+ Kxf7 34. Rg6 Kxg6 35. Bg3 Nfd3 36. Rf1 Bxh3 37. gxh3 Nf2 38. Kxf2 Kf6 39. Ke3+ 0-1

[Event "Battle of Crete 30'"]
[Site "Panormo"]
[Date "2001.09.21"]
[Round "4"]
[White "Sivan, Yaacov"]
[Black "Mastrovasilis, Dimitrios"]
[Result "1/2-1/2"]
[WhiteElo "2391"]
[BlackElo "2435"]
[PlyCount "194"]
[EventDate "2001.09.01"]
[EventType "swiss (rapid)"]
[EventRounds "11"]
[EventCountry "GRE"]
[SourceTitle "CBM 084 Extra"]
[Source "ChessBase"]
[SourceDate "2001.10.26"]
[SourceVersion "1"]
[SourceVersionDate "2001.10.26"]
[SourceQuality "1"]

1. e4 c5 2. Nf3 e6 3. d4 cxd4 4. Nxd4 Nc6 5. Nb5 d6 6. c4 Nf6 7. N5c3 Be7 8. Be2 0-0 9. 0-0 a6 10. Be3 Re8 11. a3 Bf8 12. Nd2 b6 13. Qe1 Bb7 14. Na4 Nd7 15. Rd1 Nc5 16. Nc3 Ne5 17. b4 Ncd3 18. Bxd3 Nxd3 19. Qe2 Ne5 20. f4 Nd7 21. Qf2 Rc8 22. Rc1 g6 23. Rfd1 Ba8 24. Na4 b5 25. Nb6 Nxb6 26. Bxb6 Qd7 27. c5 dxc5 28. Bxc5 Bxc5 29. bxc5 Red8 30. Qe3 Qd3 31. Kf2 Kf8 32. Rc3 Qd7 33. Ke2 e5 34. fxe5 Qe6 35. Nf3 Rxd1 36. Kxd1 Qg4 37. Rc2 Bxe4 38. Rd2 Bc6 39. Ke1 Re8 40. Kf2 Qf5 41. Rd6 Bxf3 42. gxf3 Rxe5 43. Qc3 Qf4 44. Kg1 Qe3+ 45. Qxe3 Rxe3 46. c6 Rc3 47. c7 Rxc7 48. Rxa6 Rc2 49. Rb6 Rb2 50. a4 b4 51. a5 Kg7 52. a6 Ra2 53. Rxb4 Rxa6 54. Kg2 Kf6 55. Kg3 Ra5 56. Rb7 Rf5 57. Ra7 Kg5 58. h4+ Kh6 59. Rb7 Kg7 60. Ra7 Rb5 61. Ra6 h6 62. Rc6 Re5 63. Ra6 Re6 64. Ra8 Kf6 65. Rh8 h5 66. Ra8 Kf5 67. Ra4 Re5 68. Rf4+ Ke6 69. Ra4 Re1 70. Ra6+ Kf5 71. Ra5+ Re5 72. Ra4 f6 73. Rf4+ Ke6 74. Ra4 Re1 75. Ra6+ Kf5 76. Ra5+ Re5 77. Ra8 Rd5 78. Rb8 Rd1 79. Rb5+ Ke6 80. Rb6+ Ke5 81. Rb5+ Rd5 82. Rb8 Ke6 83. Ra8 Rd7 84. Rb8 Kf7 85. Rb5 Kg7 86. Rb6 Rd5 87. Ra6 Rf5 88. Ra8 g5 89. hxg5 fxg5 90. Rb8 Rf4 91. Ra8 Kg6 92. Rg8+ Kf6 93. Rf8+ Ke5 94. Rxf4 gxf4+ 95. Kh4 Kf5 96. Kxh5 Kf6 97. Kg4 Kg6 1/2-1/2

[Event "Battle of Crete 30'"]
[Site "Panormo"]
[Date "2001.09.21"]
[Round "7"]
[White "Sivan, Yaacov"]
[Black "Zoler, Dan"]
[Result "0-1"]
[WhiteElo "2391"]
[BlackElo "2507"]
[PlyCount "100"]
[EventDate "2001.09.01"]
[EventType "swiss (rapid)"]
[EventRounds "11"]
[EventCountry "GRE"]
[SourceTitle "CBM 084 Extra"]
[Source "ChessBase"]
[SourceDate "2001.10.26"]
[SourceVersion "1"]
[SourceVersionDate "2001.10.26"]
[SourceQuality "1"]

1. e4 c5 2. Nf3 d6 3. d4 cxd4 4. Nxd4 Nf6 5. Nc3 Nc6 6. Bg5 e6 7. Qd2 a6 8. 0-0-0 h6 9. Be3 Nxd4 10. Bxd4 b5 11. f3 Qa5 12. Kb1 b4 13. Bxf6 gxf6 14. Ne2 Qc5 15. Nd4 Bd7 16. f4 a5 17. Qd3 a4 18. Nb5 Rc8 19. Be2 Rc6 20. Rc1 Rb6 21. c4 a3 22. Rhd1 axb2 23. Kxb2 Be7 24. Kb3 0-0 25. Qd4 Bc6 26. f5 Ra8 27. Qxc5 dxc5 28. Bd3 Rba6 29. Bb1 Ra5 30. Rd3 Bxb5 31. cxb5 Rxb5 32. Rd7 Kf8 33. Kb2 Rd8 34. Rxd8+ Bxd8 35. Bd3 Ra5 36. Bc4 Ke7 37. Rd1 Bc7 38. g3 Be5+ 39. Kc2 Bd4 40. Bb3 Kd6 41. Kd3 Ke5 42. Re1 Ra8 43. Kc2 Bc3 44. Re2 Kd4 45. fxe6 c4 46. exf7 cxb3+ 47. Kxb3 Ra3+ 48. Kc2 Rxa2+ 49. Kb3 Ra3+ 50. Kc2 b3+ 0-1

[Event "ISR-ch op"]
[Site "Tel Aviv"]
[Date "2001.04.15"]
[Round "7"]
[White "Gruenfeld, Yehuda"]
[Black "Sivan, Yaacov"]
[Result "1-0"]
[WhiteElo "2520"]
[BlackElo "2381"]
[PlyCount "45"]
[EventDate "2001.04.09"]
[EventType "swiss"]
[EventRounds "9"]
[EventCountry "ISR"]
[SourceTitle "CBM 081 Extra"]
[Source "ChessBase"]
[SourceDate "2001.05.06"]
[SourceVersion "1"]
[SourceVersionDate "2001.05.06"]
[SourceQuality "1"]

1. e4 c5 2. Nf3 d6 3. d4 cxd4 4. Nxd4 Nf6 5. Nc3 g6 6. Be3 Bg7 7. f3 0-0 8. Qd2 Nc6 9. Bc4 Bd7 10. h4 Rc8 11. Bb3 Ne5 12. 0-0-0 Nc4 13. Qd3 Nxe3 14. Qxe3 h5 15. g4 hxg4 16. h5 Nxh5 17. Nf5 Bxf5 18. exf5 Rxc3 19. bxc3 Be5 20. Rxh5 gxh5 21. Qg5+ Bg7 22. Qxh5 d5 23. Bxd5 1-0

[Event "ISR-ch op"]
[Site "Tel Aviv"]
[Date "2001.04.12"]
[Round "4"]
[White "Sivan, Yaacov"]
[Black "Lundvik, Jonas"]
[Result "1-0"]
[WhiteElo "2381"]
[BlackElo "2225"]
[PlyCount "89"]
[EventDate "2001.04.09"]
[EventType "swiss"]
[EventRounds "9"]
[EventCountry "ISR"]
[SourceTitle "CBM 081 Extra"]
[Source "ChessBase"]
[SourceDate "2001.05.06"]
[SourceVersion "1"]
[SourceVersionDate "2001.05.06"]
[SourceQuality "1"]

1. e4 e6 2. d4 d5 3. Nc3 Nf6 4. Bg5 dxe4 5. Nxe4 Be7 6. Bxf6 gxf6 7. Nf3 b6 8. Bb5+ c6 9. Bd3 Bb7 10. Qe2 Nd7 11. 0-0-0 Qc7 12. Kb1 0-0-0 13. Ba6 Rhg8 14. g3 f5 15. Ned2 Bxa6 16. Qxa6+ Kb8 17. Qe2 h5 18. Nc4 h4 19. a4 Kb7 20. Rd3 hxg3 21. hxg3 f4 22. Rh7 Rdf8 23. Nfe5 fxg3 24. fxg3 Nxe5 25. dxe5 Rh8 26. Rxh8 Rxh8 27. Qd2 Kc8 28. a5 b5 29. Nd6+ Bxd6 30. exd6 Qd7 31. Qg5 Kb7 32. Qc5 Kb8 33. a6 Ka8 34. Qe5 Rd8 35. Qg5 Kb8 36. Qf6 Kc8 37. Qf4 Kb8 38. c4 Rc8 39. Rb3 f6 40. cxb5 cxb5 41. Qxf6 Qxd6 42. Rxb5+ Ka8 43. Qf3+ Qc6 44. Rc5 Qxf3 45. Rxc8# 1-0

[Event "ISR-ch op"]
[Site "Tel Aviv"]
[Date "2001.04.10"]
[Round "2"]
[White "Sivan, Yaacov"]
[Black "Golod, Vitali"]
[Result "0-1"]
[WhiteElo "2381"]
[BlackElo "2593"]
[PlyCount "72"]
[EventDate "2001.04.09"]
[EventType "swiss"]
[EventRounds "9"]
[EventCountry "ISR"]
[SourceTitle "CBM 081 Extra"]
[Source "ChessBase"]
[SourceDate "2001.05.06"]
[SourceVersion "1"]
[SourceVersionDate "2001.05.06"]
[SourceQuality "1"]

1. e4 c5 2. Nf3 Nc6 3. d4 cxd4 4. Nxd4 Qb6 5. Nb5 Nf6 6. N5c3 e6 7. Be2 a6 8. a3 Qc7 9. Be3 b5 10. f4 d6 11. 0-0 Be7 12. Nd2 0-0 13. g4 d5 14. exd5 Nxd5 15. Nxd5 exd5 16. Nb3 Re8 17. Bf3 Bf6 18. Re1 Bb7 19. c3 d4 20. cxd4 Nxd4 21. Nxd4 Bxd4 22. Bxd4 Rxe1+ 23. Qxe1 Bxf3 24. Qe5 Qxe5 25. Bxe5 f6 26. Bc3 Bxg4 27. Kf2 Kf7 28. Re1 Rd8 29. Kg3 h5 30. Kf2 Kg6 31. Re7 Rd3 32. Re3 Rd7 33. Kg3 Kf5 34. h3 h4+ 35. Kf2 Bh5 36. Re8 Bxe8 0-1

[Event "ISR-chT"]
[Site "Ramat Aviv"]
[Date "2000.05.05"]
[Round "10.4"]
[White "Kaganskiy, Gleb"]
[Black "Sivan, Yaacov"]
[Result "1/2-1/2"]
[WhiteElo "2298"]
[BlackElo "2403"]
[PlyCount "42"]
[EventDate "2000.01.14"]
[EventType "team-tourn"]
[EventRounds "11"]
[EventCountry "ISR"]
[SourceTitle "CBM 077"]
[Source "ChessBase"]
[SourceDate "2000.07.27"]
[SourceVersion "1"]
[SourceVersionDate "2000.07.27"]
[SourceQuality "1"]
[WhiteTeam "Kfar Saba"]
[BlackTeam "Tel Aviv Univ"]
[WhiteTeamCountry "ISR"]
[BlackTeamCountry "ISR"]

1. d4 Nf6 2. c4 c5 3. Nf3 cxd4 4. Nxd4 Nc6 5. Nc3 e6 6. g3 d5 7. Bg2 Be7 8. 0-0 0-0 9. cxd5 exd5 10. Be3 Be6 11. h3 Qd7 12. Kh2 Rfd8 13. Qa4 a6 14. Rfc1 b5 15. Qd1 Ne5 16. Bf4 Ng6 17. e3 Rac8 18. Bg5 Ne5 19. Bf4 Ng6 20. Bg5 Ne5 21. Bf4 Ng6 1/2-1/2

[Event "ISR-chT"]
[Site "Ramat Aviv"]
[Date "2000.03.03"]
[Round "4.4"]
[White "Hasidovski, Arnold"]
[Black "Sivan, Yaacov"]
[Result "1/2-1/2"]
[WhiteElo "2177"]
[BlackElo "2403"]
[PlyCount "66"]
[EventDate "2000.01.14"]
[EventType "team-tourn"]
[EventRounds "11"]
[EventCountry "ISR"]
[SourceTitle "CBM 077"]
[Source "ChessBase"]
[SourceDate "2000.07.27"]
[SourceVersion "1"]
[SourceVersionDate "2000.07.27"]
[SourceQuality "1"]
[WhiteTeam "Netanya"]
[BlackTeam "Tel Aviv Univ"]
[WhiteTeamCountry "ISR"]
[BlackTeamCountry "ISR"]

1. d4 d5 2. c4 c6 3. Nf3 Nf6 4. Nc3 e6 5. Qd3 Nbd7 6. e4 dxe4 7. Nxe4 Nxe4 8. Qxe4 Bb4+ 9. Bd2 Bxd2+ 10. Nxd2 c5 11. dxc5 Qf6 12. Qc2 Nxc5 13. Be2 0-0 14. 0-0 e5 15. Qc3 Ne6 16. Nf3 Nd4 17. Nxd4 exd4 18. Qf3 Qb6 19. b3 Bd7 20. Bd3 Bc6 21. Qf5 g6 22. Qf6 Rfe8 23. Rad1 Re6 24. Qf4 a5 25. Bc2 Rd8 26. Rd2 Qc5 27. h4 Kg7 28. Rfd1 Rf6 29. Qg5 b6 30. Re1 Qb4 31. Red1 Qc5 32. Re1 Qb4 33. Red1 Qc5 1/2-1/2